000 00501nam a2200181 i 4500
001 32050
003 ES-MaACL
005 20230906154513.0
007 t|
008 021202s2002 sp ||||1| spa d
080 _a821.134.2-32"19"
080 _a821.134.2-14"19"
100 1 _aTejeda Cócera, Mariano.
_9109568
245 1 0 _aRelatos, cuentos y poemas /
_cMariano Tejeda Cócera.
260 _a[Madrid :
_bEl autor,
_c2002]
300 _a183 p. ;
_c21 cm.
852 _aES-MaACL
_jL-26105
_bR.131795
999 _c32050
_d32050